000 00840nam a2200205 i 4500
001 92243
003 ES-MaACL
005 20250824214705.0
007 t|
008 050223s1979 sp ||||1| spa d
245 0 0 _aLibro del muy esforzado caballero Palmerín de Inglaterra hijo del rey don Duardos: y de sus grandes proezas: y de Florián del Desierto su hermano: con algunas del príncipe Florendos hijo de Primaleón [Libro Primero].
260 _a[Madrid] :
_b[Miraguano],
_c1979.
300 _a408 p. ;
_c19 cm.
490 1 _aLibros de los malos tiempos ;
_v2
500 _aFolleto La Palma de Inglaterra (sic) por Luis Alberto de Cuenca.
700 1 _aCuenca, Luis Alberto de,
_d1950-
_9240908
830 0 0 _aLibros de los malos tiempos
_v2
_9178824
852 _aES-MaACL
_jL-7920
_bR.107614
999 _c92243
_d92243